[Event "CZE-ch U14 Girls"]
[Site "Kouty nad Desnou"]
[Date "2009.03.11"]
[Round "6"]
[White "Krejci, Anna"]
[Black "Sotolova, Anna"]
[Result "0-1"]
[WhiteElo "1250"]
[BlackElo "1250"]
[PlyCount "40"]
[EventDate "2009.03.07"]
[EventType "swiss"]
[EventRounds "9"]
[EventCountry "CZE"]
[SourceTitle "EXT 2011"]
[Source "ChessBase"]
[SourceDate "2010.11.26"]
[SourceVersion "1"]
[SourceVersionDate "2010.11.26"]
[SourceQuality "1"]

1. e4 e5 2. Nf3 Nc6 3. Nc3 Nf6 4. Bb5 Bb4 5. d4 Bxc3+ 6. bxc3 Nxe4 7. 0-0 0-0 8. Re1 Nxc3 9. Qd3 Nxb5 10. Qxb5 exd4 11. Bg5 f6 12. Qc4+ d5 13. Qd3 fxg5 14. Nxd4 Qf6 15. Nb5 Qxf2+ 16. Kh1 Nb4 17. Qb3 Nxc2 18. Qxd5+ Kh8 19. Re7 Qf1+ 20. Rxf1 Rxf1# 0-1

[Event "CZE-ch U12 Girls"]
[Site "Sec u Chrudimi"]
[Date "2007.03.15"]
[Round "7"]
[White "Sotolova, Anna"]
[Black "Durdisova, Michaela"]
[Result "0-1"]
[WhiteElo "1100"]
[BlackElo "1100"]
[PlyCount "48"]
[EventDate "2007.03.10"]
[EventType "swiss"]
[EventRounds "9"]
[EventCountry "CZE"]
[SourceTitle "EXT 2008"]
[Source "ChessBase"]
[SourceDate "2007.11.25"]
[SourceVersion "1"]
[SourceVersionDate "2007.11.25"]
[SourceQuality "1"]

1. e4 e5 2. Nf3 Nc6 3. Bc4 Nf6 4. d3 d6 5. Nc3 Bg4 6. h3 Bh5 7. g4 Bg6 8. Nh4 Qd7 9. Nxg6 hxg6 10. f3 0-0-0 11. Be3 d5 12. exd5 Bb4 13. dxc6 Bxc3+ 14. bxc3 Qxc6 15. 0-0 Rxh3 16. Bxf7 e4 17. Kg2 Rdh8 18. dxe4 Nxe4 19. fxe4 Qxe4+ 20. Rf3 Qxg4+ 21. Kf2 Rh2+ 22. Kf1 Qg2+ 23. Ke1 Rh1+ 24. Rf1 Rxf1# 0-1